000 00494nam a2200193Ia 4500
003 LK-CoDNM
005 20240827120042.0
008 010623t1936 xxu||||| |||| 00| 1 eng d
040 _aLK-CoDNM
_dLK-CoDNM
_eLK-CoDNM
041 _aeng
080 _a22
_bO19
100 _aKeith,Arthur Berriedale.
245 _aA Constitutional History of India
260 _bMethuen Co.
_aLondon
_c1936
300 _bxiv, 536p. : 22 cm
650 _a1600-1935
650 _aIndian History
942 _cBK
999 _c97987
_d97987